000 00881nam a2200217Ia 4500
003 Ost
005 20260507075132.0
008 260507s9999||||xx |||||||||||||| ||und||
020 _a1030379977
040 _cfsecg
041 _aara
082 _a330
100 _aابراهيم، خالد ممدوح
_eمؤلف
245 0 _aابرام العقد الإلكتروني :
_bدراسة مقارنة /
_c خالد ممدوح ابراهيم
260 _aالإسكندرية:
_bدار الفكر الجامعي,
_c2006
300 _a431 صفحة؛
_bإيضاحات ؛
_c24 سم
520 _aبيئة العقد الإلكتروني- التعبير الإلكتروني عن الإدارة- التراضي الإلكتروني بإستخدام الوسائط الإلكترونية.
653 _aالعقد الإلكتروني
653 _aالعقود
942 _cكتاب
999 _c43222
_d43222